000 00492nam a2200145 4500
003 OSt
082 _a631.45
_bPAN/WA
088 _aT 498
100 _aPanchamy Balan
_94912
245 _aWater conservation measures and cropping pattern for a watershed using geospatial techniques and SWAT modelling
260 _aTavanur
_bDepartment of IDE
_c2020
700 _aAsha Joseph (guide)
856 _uhttps://drive.google.com/file/d/1zVbAgPF537qzqu6YNidb5sMgsmtjzTxl/view?usp=sharing
942 _cTH
999 _c17378
_d17378